भारतीय संस्कृति के प्रहरी / (Record no. 17440)

MARC details
000 -LEADER
fixed length control field 01211nam a22002537a 4500
005 - DATE AND TIME OF LATEST TRANSACTION
control field 20081103144042.0
008 - FIXED-LENGTH DATA ELEMENTS--GENERAL INFORMATION
fixed length control field 081103t xxu||||| |||| 00| 0 hin d
010 ## - LCCN (DPL NO)
LC control number HIN-84614
020 ## - INTERNATIONAL STANDARD BOOK NUMBER
Terms of availability 150.00
International Standard Book Number 8188632880
035 ## - SYSTEM CONTROL NUMBER
System control number HN-56960
037 ## - SOURCE OF ACQUISITION
Source of stock number/acquisition DBAD / PUB
040 ## - CATALOGING SOURCE
Original cataloging agency DPL
Language of cataloging HN
082 ## - DEWEY DECIMAL CLASSIFICATION NUMBER
Classification number 808.88
100 ## - MAIN ENTRY--PERSONAL NAME
Personal name भाटिया, सुदर्शन
245 ## - TITLE STATEMENT
Title भारतीय संस्कृति के प्रहरी /
Statement of responsibility, etc सुदर्शन भाटिया
246 ## - VARYING FORM OF TITLE
Title proper/short title Bhaartiya Sanskriti ke prahari
Remainder of title by Sudarshan Bhatia
260 ## - PUBLICATION, DISTRIBUTION, ETC. (IMPRINT)
Place of publication, distribution, etc दिल्ली
Name of publisher, distributor, etc पुष्पांजलि प्रकाशन
Date of publication, distribution, etc 2008
270 ## - ADDRESS
Address एल-46, गली नं5, शिवाजी मार्ग, करतार नगर
City दिल्ली
Postal code 110053
300 ## - PHYSICAL DESCRIPTION
Extent 128पृ
Dimensions 22सेमी (सजिल्द)
651 ## - SUBJECT ADDED ENTRY--GEOGRAPHIC NAME
Geographic name India
General subdivision Civilization
651 ## - SUBJECT ADDED ENTRY--GEOGRAPHIC NAME
Geographic name भारत
General subdivision सभ्यता
942 ## - ADDED ENTRY ELEMENTS (KOHA)
Source of classification or shelving scheme Dewey Decimal Classification
Item type Hindi Books
Call number suffix भाटिया
Classification part 808.88
Holdings
Withdrawn status Lost status Source of classification or shelving scheme Damaged status Not for loan Collection code Home library Current library Date acquired Source of acquisition Cost, normal purchase price Total Checkouts Full call number Barcode Date last seen Copy number Cost, replacement price Koha item type
    Dewey Decimal Classification   Not For Loan Non-fiction D.B.Act.Division D.B.Act.Division 03/11/2008 DBAD / PUB 150.00   808.88 भाटिया HN-56960 03/11/2008 1 150.00 Hindi Books

© Delhi Public Library
Hit Counter
free hit counter